| 000 | 00614nam a2200241Ia 4500 | ||
|---|---|---|---|
| 003 | 0100 | ||
| 008 | 130307s9999 xx 000 0 und d | ||
| 020 | _a0813213401 | ||
| 040 | _cARRUPELIB | ||
| 050 | _aBJ1249.S36713 2003 | ||
| 100 | _aSchockenhoff, Eberhard | ||
| 245 | _aNatural law & human dignity | ||
| 245 | _buniversal ethics in an historical world | ||
| 260 | _aWashington, D.C. | ||
| 260 | _bCatholic University of America Press | ||
| 260 | _cc2003. | ||
| 300 | _axi | ||
| 300 | _b330 p. 24 cm. | ||
| 650 | _aETHICS | ||
| 650 | _bIndia--Fiction | ||
| 700 | _aMcNeil, Brian | ||
| 942 | 0 | 0 | _03 |
| 999 |
_c95655 _d95655 |
||